<?xml version="1.0" encoding="UTF-8"?>
<record
    xmlns:xsi="http://www.w3.org/2001/XMLSchema-instance"
    xsi:schemaLocation="http://www.loc.gov/MARC21/slim http://www.loc.gov/standards/marcxml/schema/MARC21slim.xsd"
    xmlns="http://www.loc.gov/MARC21/slim">

  <leader>00316nam a22001217a 4500</leader>
  <datafield tag="040" ind1=" " ind2=" ">
    <subfield code="c">HS</subfield>
  </datafield>
  <datafield tag="082" ind1=" " ind2=" ">
    <subfield code="a">382</subfield>
  </datafield>
  <datafield tag="100" ind1=" " ind2=" ">
    <subfield code="a">&#x179F;&#x17C6; &#x179C;&#x17B7;&#x1791;&#x17BC;</subfield>
  </datafield>
  <datafield tag="245" ind1=" " ind2=" ">
    <subfield code="a">&#x1780;&#x17B6;&#x179A;&#x179F;&#x17B7;&#x1780;&#x17D2;&#x179F;&#x17B6;&#x17A2;&#x1793;&#x17BB;&#x1795;&#x179B;&#x1796;&#x17D2;&#x179A;&#x17C3;&#x1788;&#x17BE; Non-wood forest product</subfield>
  </datafield>
  <datafield tag="260" ind1=" " ind2=" ">
    <subfield code="a">RUA</subfield>
    <subfield code="b">&#x179F;&#x17C6; &#x179C;&#x17B7;&#x1791;&#x17BC;</subfield>
    <subfield code="c">1998</subfield>
  </datafield>
  <datafield tag="300" ind1=" " ind2=" ">
    <subfield code="a">50p;</subfield>
  </datafield>
  <datafield tag="942" ind1=" " ind2=" ">
    <subfield code="c">KB</subfield>
  </datafield>
  <datafield tag="999" ind1=" " ind2=" ">
    <subfield code="c">9163</subfield>
    <subfield code="d">9163</subfield>
  </datafield>
  <datafield tag="952" ind1=" " ind2=" ">
    <subfield code="0">0</subfield>
    <subfield code="1">0</subfield>
    <subfield code="4">0</subfield>
    <subfield code="6">382_000000000000000_&#x179F;&#x17C6;_1998_C191</subfield>
    <subfield code="7">0</subfield>
    <subfield code="9">50870</subfield>
    <subfield code="a">LBC</subfield>
    <subfield code="b">LBC</subfield>
    <subfield code="c">C191</subfield>
    <subfield code="d">2016-08-25</subfield>
    <subfield code="o">382 &#x179F;&#x17C6; 1998 C191</subfield>
    <subfield code="p">RUA42077</subfield>
    <subfield code="r">2016-08-25</subfield>
    <subfield code="y">KB</subfield>
  </datafield>
  <datafield tag="952" ind1=" " ind2=" ">
    <subfield code="0">0</subfield>
    <subfield code="1">0</subfield>
    <subfield code="4">0</subfield>
    <subfield code="6">382_000000000000000_&#x179F;&#x17C6;_1998_C191</subfield>
    <subfield code="7">0</subfield>
    <subfield code="9">51087</subfield>
    <subfield code="a">LBC</subfield>
    <subfield code="b">LBC</subfield>
    <subfield code="c">C191</subfield>
    <subfield code="d">2016-08-30</subfield>
    <subfield code="o">382 &#x179F;&#x17C6; 1998 C191</subfield>
    <subfield code="p">RUA042837</subfield>
    <subfield code="r">2016-08-30</subfield>
    <subfield code="y">KB</subfield>
  </datafield>
</record>
